000 00600nam a2200229Ia 4500
001 17799
003 GE_BSU
008 181216s||||||||xx |||||||||||||| ||und||
040 _cGE_BSU
080 _a693.55
100 _aТоропов,А.С.
245 _aАрматурные работы.
245 _bУчебник.
245 _cРед. А.А.Алексеева.
250 _a4-е изд., перераб.
260 _aМ.
260 _bВысшая школа.
260 _c1972.
300 _a312 стр. с илл.
653 _aАрматурные работы.
942 _cBK
999 _c50844
_d50844